000
00177 a2200097 4500
020
_a
9789871156603
041
_a
spa
100
_a
Adriana Idalgo
245
_a
Kacero
942
_c
K
999
_c
26307
_d
26307